01524nam a2200337 a 450000100100000000500170001000800410002702000150006804000250008308200230010810000380013124502290016925000110039826000750040930000360048450000420052050000610056250000210062359000260064465000420067065000670071265000520077965000480083170000400087970000350091970000270095470000290098191000410101095201200105199900150117100000871620240229073943.0090918s2005 dr ac 001 0 spa d a9993499714 aDO-SdBNPbspacBNPHU a725.1bC531p, 20051 aChez Checo, José,d1949-91014513aEl Palacio Nacional :b50 años de historia y arquitectura /cJosé Chez Checo ; colaborador Emilio José Brea García, Denise Morales ; presentación Luis Manuel Bonetti V. ; fotografías artísticas Julio Gozález. a2a ed. aSanto Domingo :bSecretariado Administrativo de la Presidencia,c2005. a445 p. :bil., retrs. ;c31 cm. aIncluye notas al pie de las páginas aIncluye datos biográficos del autor en la (p. 423-424) aIncluye índice aInventariado, 2018/LP 4aEdificios públicosxHistoria923206 4aPalacio presidencial (república dominicana)xHistoria923207 4aEdificiosxReparación y construcción923208 4aArquitecturaxRepública dominicana9232091 aBrea García, Emilio José9232101 aBonetti V., Luis Manuel9232111 aMorales, Denise9232121 aGozánlez, Julio923213 aValidado. Control de calidad MMOLINA 0010718PDaPDbPDcHDd2009-09-18iLF1l0o725.1 C531p, 2005p8716-10r2020-06-25w2020-06-25yLFPDZNo se presta c8486d8486